000 00418 a2200169 4500
001 184929
020 _a85-08-07621-5
040 _cMagnum
100 _aBarreto, Lima
240 1 0 _aNós e os outros: histórias de diferentes culturas
_lpor
245 1 0 _aNós e os outros: histórias de diferentes culturas
300 _a110
362 0 _a2000
440 1 _aÁtica
697 _aLITERATURA JUVENIL
942 _cBK
999 _c184929
_d184929